[Event "FRA-ch U20"]
[Site "Europe Echecs INT"]
[Date "2020.07.12"]
[Round "7"]
[White "Hingouet, Matthieu"]
[Black "Leccia, Thomas"]
[Result "1-0"]
[WhiteElo "2228"]
[BlackElo "1893"]
[PlyCount "61"]
[EventDate "2020.07.12"]
[EventType "swiss (rapid)"]
[EventRounds "9"]
[EventCountry "FRA"]
[SourceTitle "EXT 2021"]
[Source "ChessBase"]
[SourceDate "2020.10.23"]
[SourceVersion "1"]
[SourceVersionDate "2020.10.23"]
[SourceQuality "1"]

1. d4 d5 2. c4 c6 3. cxd5 cxd5 4. Bg5 Nc6 5. Nc3 Nf6 6. Bxf6 gxf6 7. e3 Bf5 8. Qb3 Qc7 9. Nxd5 Qd7 10. Nc3 0-0-0 11. Nf3 e6 12. Rc1 Kb8 13. Be2 Bh6 14. 0-0 Rhg8 15. Rfd1 Bh3 16. Bf1 Bg4 17. Kh1 Bxf3 18. gxf3 e5 19. d5 Ne7 20. d6 Qf5 21. Be2 Qh3 22. Rg1 Nf5 23. Ne4 Nh4 24. Ng3 Rxd6 25. Qxf7 Rc8 26. Rxc8+ Kxc8 27. Rc1+ Rc6 28. Rxc6+ bxc6 29. Ba6+ Kd8 30. Qxf6+ Kc7 31. Bf1 1-0

[Event "FRA-ch U20"]
[Site "Europe Echecs INT"]
[Date "2020.07.12"]
[Round "9"]
[White "Leccia, Thomas"]
[Black "Baudouin, Simon"]
[Result "0-1"]
[WhiteElo "1893"]
[BlackElo "1926"]
[PlyCount "64"]
[EventDate "2020.07.12"]
[EventType "swiss (rapid)"]
[EventRounds "9"]
[EventCountry "FRA"]
[SourceTitle "EXT 2021"]
[Source "ChessBase"]
[SourceDate "2020.10.23"]
[SourceVersion "1"]
[SourceVersionDate "2020.10.23"]
[SourceQuality "1"]

1. e4 c5 2. Nf3 d6 3. d4 cxd4 4. Qxd4 Nc6 5. Qe3 g6 6. Be2 Bg7 7. 0-0 Nf6 8. h3 0-0 9. c4 Be6 10. Nc3 h6 11. Rb1 a5 12. Rd1 Nd7 13. b3 Nc5 14. Bb2 f5 15. exf5 Bxf5 16. Rbc1 a4 17. Nxa4 Nxa4 18. Bxg7 Kxg7 19. bxa4 Rxa4 20. Qb3 Rb4 21. Qc3+ Kh7 22. Nh4 Qb6 23. Nxf5 Rxf5 24. Bf3 Ne5 25. Be4 Rxf2 26. Qxb4 Rxg2+ 27. Kxg2 Qxb4 28. Bd5 Qb2+ 29. Kg3 h5 30. Bxb7 h4+ 31. Kxh4 Qf2+ 32. Kg5 Qf6# 0-1

[Event "FRA-ch U20"]
[Site "Europe Echecs INT"]
[Date "2020.07.12"]
[Round "6"]
[White "Leccia, Thomas"]
[Black "Morata, Jules"]
[Result "1-0"]
[WhiteElo "1893"]
[BlackElo "1568"]
[PlyCount "121"]
[EventDate "2020.07.12"]
[EventType "swiss (rapid)"]
[EventRounds "9"]
[EventCountry "FRA"]
[SourceTitle "EXT 2021"]
[Source "ChessBase"]
[SourceDate "2020.10.23"]
[SourceVersion "1"]
[SourceVersionDate "2020.10.23"]
[SourceQuality "1"]

1. e4 d5 2. exd5 Qxd5 3. Nc3 Qa5 4. d4 Nf6 5. Bd2 c6 6. Bc4 Bg4 7. f3 Bh5 8. Nge2 e6 9. Nf4 Bg6 10. Qe2 Qd8 11. d5 cxd5 12. Ncxd5 Bd6 13. Nxg6 hxg6 14. Nxf6+ gxf6 15. 0-0-0 Qc7 16. Bc3 Bf4+ 17. Kb1 e5 18. g3 Bh6 19. f4 Nd7 20. fxe5 Nxe5 21. Bb5+ Kf8 22. Rdf1 Kg7 23. g4 a6 24. Ba4 b5 25. Bb3 Rae8 26. h4 Bf4 27. Rxf4 Nd7 28. Qf2 Qc6 29. Rf1 g5 30. hxg5 Rh1 31. gxf6+ Kg6 32. Qd2 Nc5 33. g5 Reh8 34. a3 R8h2 35. Qd4 Nxb3 36. cxb3 b4 37. Qd3+ Kh5 38. Bxb4 Rxf1+ 39. Rxf1 Rh1 40. Ka2 Rxf1 41. Qxf1 Qd5 42. Be7 Qxg5 43. Qe2+ Kg6 44. Qxa6 Qd5 45. Qc4 Qf5 46. a4 Kh7 47. Ka3 Kg8 48. b4 Qf3+ 49. Qb3 Qb7 50. a5 Qb5 51. Qa4 Qd3+ 52. b3 Qd4 53. Qe8+ Kh7 54. Qxf7+ Kh6 55. Qg7+ Kh5 56. Qh7+ Kg4 57. Qb1 Kh5 58. f7 Kg4 59. f8Q Qe3 60. Qg7+ Kh3 61. Qh1# 1-0

[Event "FRA-ch U20"]
[Site "Europe Echecs INT"]
[Date "2020.07.12"]
[Round "2"]
[White "Leccia, Thomas"]
[Black "Sepahpour, Shervine"]
[Result "1-0"]
[WhiteElo "1893"]
[BlackElo "1398"]
[PlyCount "129"]
[EventDate "2020.07.12"]
[EventType "swiss (rapid)"]
[EventRounds "9"]
[EventCountry "FRA"]
[SourceTitle "EXT 2021"]
[Source "ChessBase"]
[SourceDate "2020.10.23"]
[SourceVersion "1"]
[SourceVersionDate "2020.10.23"]
[SourceQuality "1"]

1. e4 c5 2. Nf3 e6 3. b3 Nc6 4. Bb2 Nf6 5. e5 Ng8 6. g3 g6 7. Bg2 Bg7 8. 0-0 Nge7 9. Re1 0-0 10. Nc3 a6 11. Ne4 b6 12. Nd6 f6 13. exf6 Bxf6 14. Bxf6 Rxf6 15. d4 Nf5 16. dxc5 bxc5 17. Ne5 Nxd6 18. Qxd6 Nxe5 19. Bxa8 Ng4 20. f3 Nh6 21. Qxc5 d6 22. Rad1 Nf7 23. Qe3 Bd7 24. Be4 Qa5 25. a4 Qc7 26. Qd4 e5 27. Qd2 Bc6 28. Bxc6 Qxc6 29. Rf1 h6 30. f4 exf4 31. Rxf4 Qc5+ 32. Qf2 Qxf2+ 33. Rxf2 Rxf2 34. Kxf2 Kg7 35. Rd5 Kf6 36. Ra5 Ng5 37. Ke3 Ke6 38. Rxa6 Nf7 39. c4 Ne5 40. h3 Kd7 41. Ra7+ Kc6 42. Rh7 h5 43. Re7 Kc5 44. Rxe5+ dxe5 45. Ke4 Kd6 46. b4 g5 47. c5+ Kc6 48. Kxe5 h4 49. gxh4 gxh4 50. Kf4 Kb7 51. Kg4 Ka6 52. Kxh4 Ka7 53. Kg5 Ka6 54. h4 Ka7 55. h5 Ka6 56. h6 Ka7 57. h7 Ka6 58. h8Q Ka7 59. Qh6 Ka8 60. Qg7 Kb8 61. Qd7 Ka8 62. a5 Kb8 63. b5 Ka8 64. a6 Kb8 65. Qb7# 1-0

[Event "FRA-ch U20"]
[Site "Europe Echecs INT"]
[Date "2020.07.12"]
[Round "3"]
[White "Travadon, Loic"]
[Black "Leccia, Thomas"]
[Result "1-0"]
[WhiteElo "2431"]
[BlackElo "1893"]
[PlyCount "35"]
[EventDate "2020.07.12"]
[EventType "swiss (rapid)"]
[EventRounds "9"]
[EventCountry "FRA"]
[SourceTitle "EXT 2021"]
[Source "ChessBase"]
[SourceDate "2020.10.23"]
[SourceVersion "1"]
[SourceVersionDate "2020.10.23"]
[SourceQuality "1"]

1. d4 d5 2. c4 c6 3. cxd5 cxd5 4. Nc3 Nf6 5. Bf4 Nh5 6. Bg5 h6 7. Bd2 Nc6 8. e4 dxe4 9. Qxh5 Nxd4 10. 0-0-0 Bf5 11. Be3 e5 12. Bxd4 exd4 13. Qxf5 Be7 14. Nxe4 Rc8+ 15. Kb1 0-0 16. Bd3 Qc7 17. Nf6+ Bxf6 18. Qh7# 1-0

[Event "FRA-ch Blitz Online Qual"]
[Site "Europe Echecs INT"]
[Date "2020.05.16"]
[Round "3"]
[White "Leccia, Thomas"]
[Black "Bournel, Antoine"]
[Result "0-1"]
[WhiteElo "1893"]
[BlackElo "2238"]
[PlyCount "64"]
[EventDate "2020.05.16"]
[EventType "swiss (blitz)"]
[EventRounds "15"]
[EventCountry "FRA"]
[SourceTitle "CBM 196 Extra"]
[Source "ChessBase"]
[SourceDate "2020.07.31"]
[SourceVersion "1"]
[SourceVersionDate "2020.07.31"]
[SourceQuality "1"]

1. e4 c5 2. Nf3 g6 3. d4 cxd4 4. Qxd4 Nf6 5. Nc3 Nc6 6. Qa4 d6 7. e5 dxe5 8. Nxe5 Bg7 9. Nxc6 bxc6 10. Qxc6+ Bd7 11. Qf3 0-0 12. Bc4 Qc7 13. Bb3 Bc6 14. Nd5 Bxd5 15. Bxd5 Qe5+ 16. Be3 Qxd5 17. Qxd5 Nxd5 18. 0-0-0 Nxe3 19. fxe3 Rfd8 20. Rdf1 Bh6 21. Rf3 Rd6 22. h4 Rad8 23. g4 Bg7 24. g5 Rd2 25. Rhf1 f5 26. gxf6 Bxf6 27. h5 gxh5 28. Rg3+ Kf7 29. e4 Re2 30. Rh3 Kg6 31. Rg3+ Kh6 32. Ra3 Rdd2 0-1

[Event "FRA-ch Blitz Online Qual"]
[Site "Europe Echecs INT"]
[Date "2020.05.16"]
[Round "9"]
[White "Leccia, Thomas"]
[Black "Zanin, Clement"]
[Result "1/2-1/2"]
[WhiteElo "1893"]
[BlackElo "1327"]
[PlyCount "159"]
[EventDate "2020.05.16"]
[EventType "swiss (blitz)"]
[EventRounds "15"]
[EventCountry "FRA"]
[SourceTitle "CBM 196 Extra"]
[Source "ChessBase"]
[SourceDate "2020.07.31"]
[SourceVersion "1"]
[SourceVersionDate "2020.07.31"]
[SourceQuality "1"]

1. d4 d5 2. Nc3 Bf5 3. Bf4 Nf6 4. Nb5 e5 5. dxe5 Nh5 6. Bg3 c6 7. Nd4 Nxg3 8. hxg3 Bg6 9. f4 f5 10. Ngf3 Qa5+ 11. c3 Bc5 12. Qd2 Qb6 13. e3 0-0 14. b4 Bxd4 15. exd4 Nd7 16. Bd3 a5 17. bxa5 Qxa5 18. Ng5 Rae8 19. 0-0 c5 20. Qb2 cxd4 21. cxd4 Qa7 22. Nf3 Bh5 23. Rab1 Re7 24. Qb4 Rfe8 25. Qxb7 Qxa2 26. Bxf5 Nf6 27. Qb3 Qxb3 28. Rxb3 Ne4 29. Re3 Nxg3 30. Bd3 Nxf1 31. Kxf1 Rf7 32. Ng5 Rxf4+ 33. Kg1 Rxd4 34. Bxh7+ Kh8 35. e6 Rg4 36. Nf7+ Bxf7 37. exf7 Rxe3 38. f8Q+ Kxh7 39. Qf5+ Rg6 40. Qxd5 Re1+ 41. Kf2 Ree6 42. g3 Ref6+ 43. Kg2 Rd6 44. Qh5+ Kg8 45. Qe5 Rd2+ 46. Kf3 Rf6+ 47. Kg4 Rg6+ 48. Kh5 Rh6+ 49. Kg4 Rdd6 50. Qe8+ Kh7 51. Kf3 Rhf6+ 52. Kg2 Rd2+ 53. Kh3 Rh6+ 54. Kg4 Rd4+ 55. Kf3 Rd3+ 56. Kg2 Rdd6 57. Qe4+ Rhg6 58. g4 Ra6 59. Kg3 Ra3+ 60. Kh4 Raa6 61. Qd3 Rad6 62. Qe4 Kh6 63. Kg3 Rg5 64. Qh1+ Kg6 65. Qe4+ Kh6 66. Qf4 Rdg6 67. Qe4 Rxg4+ 68. Qxg4 Rxg4+ 69. Kxg4 g5 70. Kg3 Kh5 71. Kh3 g4+ 72. Kg3 Kg5 73. Kg2 Kh4 74. Kh2 g3+ 75. Kg2 Kg4 76. Kg1 Kf3 77. Kf1 Kg4 78. Kg1 Kf4 79. Kg2 Kg4 80. Kg1 1/2-1/2

[Event "Europe Echecs online op April"]
[Site "Europe Echecs INT"]
[Date "2020.04.11"]
[Round "9"]
[White "Ribiere, Damien"]
[Black "Leccia, Thomas"]
[Result "1-0"]
[WhiteElo "2082"]
[BlackElo "1707"]
[PlyCount "133"]
[EventDate "2020.04.11"]
[EventType "swiss (blitz)"]
[EventRounds "11"]
[EventCountry "FRA"]
[SourceTitle "EXT 2021"]
[Source "ChessBase"]
[SourceDate "2020.10.23"]
[SourceVersion "1"]
[SourceVersionDate "2020.10.23"]
[SourceQuality "1"]

1. e4 e6 2. d4 d5 3. Nc3 Nc6 4. e5 f6 5. Bd3 g6 6. Nf3 Bg7 7. 0-0 fxe5 8. dxe5 Nxe5 9. Nxe5 Bxe5 10. Re1 Bg7 11. Qf3 Nf6 12. Bg5 0-0 13. Qg3 Bd7 14. Qh4 c5 15. Be2 d4 16. Ne4 Bc6 17. Bc4 Qe7 18. Nxf6+ Bxf6 19. Rxe6 Qf7 20. Rxc6 Qxc4 21. Rxf6 Qxc2 22. Qf4 Qxb2 23. Re1 Qxa2 24. h4 d3 25. Rxf8+ Rxf8 26. Qe3 Qd5 27. Bh6 d2 28. Rd1 Rd8 29. Qe7 Qd7 30. Qxc5 b6 31. Qe5 Re8 32. Qf4 Re1+ 33. Kh2 Qf7 34. Rxd2 Qxf4+ 35. Bxf4 Re7 36. Bh6 Kf7 37. g4 a5 38. Be3 Rb7 39. Ra2 Ke6 40. Kg3 Kd5 41. f4 Ke4 42. Bf2 Kd3 43. f5 gxf5 44. gxf5 Rg7+ 45. Kf4 Rb7 46. f6 Kc4 47. Ke5 Kb4 48. Ke6 a4 49. f7 Rxf7 50. Kxf7 b5 51. Kg7 Kb3 52. Ra1 Kb2 53. Bd4+ Kb3 54. Kxh7 b4 55. Kg6 a3 56. h5 Kc4 57. h6 b3 58. h7 Kxd4 59. h8Q+ Kc4 60. Qh4+ Kc3 61. Qg3+ Kb2 62. Rf1 a2 63. Qf2+ Ka3 64. Qc5+ Kb2 65. Rf2+ Kb1 66. Qc3 a1Q 67. Qe1# 1-0

[Event "Vandoeuvre op 16th"]
[Site "Vandoeuvre"]
[Date "2019.12.29"]
[Round "7"]
[White "Steininger, Denis"]
[Black "Leccia, Thomas"]
[Result "0-1"]
[WhiteElo "1971"]
[BlackElo "1796"]
[PlyCount "96"]
[EventDate "2019.12.26"]
[EventType "swiss"]
[EventRounds "9"]
[EventCountry "FRA"]
[SourceTitle "CBM 194 Extra"]
[Source "ChessBase"]
[SourceDate "2020.03.31"]
[SourceVersion "1"]
[SourceVersionDate "2020.03.31"]
[SourceQuality "1"]

1. e4 e6 2. d4 d5 3. e5 c5 4. c3 Nc6 5. Nf3 Bd7 6. Be2 f6 7. 0-0 fxe5 8. Nxe5 Nxe5 9. dxe5 Qc7 10. Re1 0-0-0 11. f4 g5 12. f5 exf5 13. Bxg5 Be7 14. Bf4 Be6 15. Qc2 h6 16. Bd3 Rf8 17. c4 d4 18. Qd2 Bg5 19. Na3 a6 20. Nc2 Ne7 21. Bxg5 hxg5 22. b4 f4 23. bxc5 f3 24. gxf3 Rxf3 25. Be4 Rfh3 26. Bg2 Rxh2 27. Nxd4 Qxc5 28. Qe3 Bxc4 29. Rac1 Rxg2+ 30. Kxg2 Qd5+ 31. Qe4 Kb8 32. Qxd5 Bxd5+ 33. Kg3 Rh4 34. Nf3 Nf5+ 35. Kf2 Rf4 36. Rc3 g4 37. e6 Bxf3 38. e7 g3+ 39. Kg1 Nxe7 40. Rxe7 g2 41. Rg7 Bc6 42. Rc1 Rh4 43. Kf2 Rh1 44. Rg1 Ka7 45. a3 Kb6 46. Rg5 Rh3 47. Rg3 Rxg3 48. Kxg3 Ka5 0-1

[Event "Reunion op 18th"]
[Site "St Denis"]
[Date "2016.10.13"]
[Round "6"]
[White "Riviere, Pierre"]
[Black "Leccia, Thomas"]
[Result "0-1"]
[WhiteElo "1009"]
[BlackElo "1211"]
[PlyCount "82"]
[EventDate "2016.10.10"]
[EventType "swiss"]
[EventRounds "7"]
[EventCountry "RUF"]
[SourceTitle "CBM 175 Extra"]
[Source "ChessBase"]
[SourceDate "2016.12.12"]
[SourceVersion "1"]
[SourceVersionDate "2016.12.12"]
[SourceQuality "1"]

1. e4 e6 2. Nf3 d5 3. Nc3 Nf6 4. d4 Nxe4 5. Be3 Bb4 6. Bd3 Nxc3 7. bxc3 Bxc3+ 8. Bd2 Bxa1 9. Qxa1 Nc6 10. c3 0-0 11. c4 Bd7 12. cxd5 exd5 13. Ng5 Re8+ 14. Be3 Qxg5 15. g3 Bh3 16. Kd1 Qh5+ 17. Kc1 Qg4 18. Bb5 Qe4 19. Kd2 Re6 20. Ba4 Qg2 21. Rc1 Qxh2 22. Bxc6 Rxc6 23. Kd3 Bf5+ 24. Kd2 Rxc1 25. Qxc1 c6 26. Qb1 Bxb1 27. Kc1 Bxa2 28. Kb2 Re8 29. Kxa2 Rxe3 30. Ka1 Qxf2 31. g4 h6 32. g5 hxg5 33. Kb1 g4 34. Kc1 g3 35. Kb1 g2 36. Kc1 Qd2+ 37. Kxd2 Re4 38. Kd3 g1Q 39. Kc3 Re1 40. Kb4 g5 41. Kc5 g4 0-1

[Event "Reunion op 17th"]
[Site "St Denis"]
[Date "2015.10.10"]
[Round "8"]
[White "Collet, Marine Celine There"]
[Black "Leccia, Thomas"]
[Result "0-1"]
[WhiteElo "1450"]
[BlackElo "1162"]
[PlyCount "52"]
[EventDate "2015.10.10"]
[EventType "swiss"]
[EventRounds "9"]
[EventCountry "RUF"]
[SourceTitle "CBM 168 Extra"]
[Source "ChessBase"]
[SourceDate "2015.10.29"]
[SourceVersion "1"]
[SourceVersionDate "2015.10.29"]
[SourceQuality "1"]

1. e4 e5 2. Nf3 Nc6 3. d4 exd4 4. Nxd4 Nf6 5. Nc3 Bb4 6. Bd3 Nxd4 7. Bg5 h6 8. Bh4 g5 9. Bg3 d6 10. 0-0 Be6 11. e5 dxe5 12. Bxe5 Nc6 13. Bb5 Qxd1 14. Bxc6+ bxc6 15. Rfxd1 Be7 16. Bxc7 0-0 17. Rd3 Rfc8 18. Be5 Rab8 19. Bxb8 Rxb8 20. Rad1 Rxb2 21. Na4 Rxa2 22. Nc3 Rxc2 23. Rb1 Bf5 24. Rb8+ Kg7 25. Rf3 Rc1+ 26. Nd1 Rxd1# 0-1

[Event "Reunion op 17th"]
[Site "St Denis"]
[Date "2015.10.10"]
[Round "9"]
[White "Ringayen, Francinel"]
[Black "Leccia, Thomas"]
[Result "1-0"]
[WhiteElo "1320"]
[BlackElo "1162"]
[PlyCount "73"]
[EventDate "2015.10.10"]
[EventType "swiss"]
[EventRounds "9"]
[EventCountry "RUF"]
[SourceTitle "CBM 168 Extra"]
[Source "ChessBase"]
[SourceDate "2015.10.29"]
[SourceVersion "1"]
[SourceVersionDate "2015.10.29"]
[SourceQuality "1"]

1. e4 e5 2. Nf3 Nc6 3. Bc4 Bc5 4. d3 h6 5. 0-0 Nf6 6. h3 0-0 7. Nc3 d6 8. Re1 Be6 9. Bxe6 fxe6 10. a3 a5 11. Be3 Nd4 12. Bxd4 exd4 13. Ne2 e5 14. Qd2 Bb6 15. c3 c5 16. g3 Nxe4 17. dxe4 Rxf3 18. Kg2 Rf8 19. cxd4 exd4 20. Qd3 Qf6 21. Rf1 Qf3+ 22. Qxf3 Rxf3 23. Kxf3 Rf8+ 24. Kg2 Rd8 25. Rad1 Kh7 26. Nf4 g5 27. Nd5 Ba7 28. a4 Kg6 29. b3 Re8 30. f3 Rb8 31. Rd3 b5 32. Ne7+ Kh7 33. Nc6 Rb7 34. Nxa5 Rb6 35. axb5 Rxb5 36. Nc4 Bb8 37. Ra1 1-0